000 00632nam a2200193Ia 4500
005 20260601193224.0
008 260601s9999||||xx |||||||||||||| ||und||
020 _a978-3-031-50920-9
_qebk
100 _aAlessandro Ortis
245 0 _aAdvanced Engineering, Technology and Applications
250 _a1st ed. 2024
260 _aHeidelberg, Germany
_bSpringer Nature
_c2024
440 _aCommunications in Computer and Information Science
650 _aComputer Science
700 _aAkhtar Jamil
700 _aAlaa Ali Hameed
856 _uhttps://link.springer.com/openurl?genre=book&isbn=978-3-031-50920-9
942 _cEB
_2ddc
999 _c55896
_d55896